| 000 | 01902cam a2200469 i 4500 | ||
|---|---|---|---|
| 003 | SA-RiAUC | ||
| 005 | 20250409064439.0 | ||
| 008 | 250408s2004 su g b f000 0 ara c | ||
| 020 | _a9960677281 | ||
| 040 |
_aSA-RiAUC _bara _cSA-RiAUC _erda |
||
| 041 | 1 |
_aara _hund |
|
| 043 | _aa-su--- | ||
| 050 | 4 | _bR39125 2004 | |
| 082 | 0 | 4 |
_a915.312104 _qSA-RiAUC |
| 090 |
_a915.312104 _b ر و ا |
||
| 100 | 1 |
_aرواتة، ماريانو دي بانو اي _eمؤلف. |
|
| 245 | 1 | 0 |
_aأناشيد الحاج بوي مونثون : _bرحلة إلى مكة في القرن السادس عشر / _cماريانو دي بانو اي رواتة ؛ ترجمة عبد الله أجبيلو ؛ مراجعة عبد الله إبراهيم العمير. |
| 264 | 1 |
_aالرياض : _bمركز الملك فيصل للبحوث والدراسات الإسلامية، _c2004 |
|
| 300 |
_a152 صفحة ؛ _c24 سم |
||
| 336 |
_aنص _btxt _2rdacontent _3كتاب |
||
| 337 |
_aبدون وسيط _bn _2rdamedia |
||
| 338 |
_aمجلد _bnc _2rdacarrier |
||
| 500 | _aيشتمل على إرجاعات ببليوجرافية. | ||
| 600 | 1 | 7 |
_aمونثون، بوي _xرحلات _zمكة المكرمة _2aucnm |
| 651 | 7 |
_aمكة المكرمة _xوصف ورحلات _yقرن 10 هجري _2aucsh |
|
| 653 | _aالمورسكيون. | ||
| 653 | _aMORISQUE. | ||
| 653 | _aأدب الرحلات. | ||
| 653 | _aRELATION DE VOYAGE. | ||
| 653 | _aالحج. | ||
| 653 | _aHAJJ. | ||
| 653 | _aالأدب الأعجمي. | ||
| 653 | _aLITTERATURE ALJAMIADA. | ||
| 653 | _aالأغاني. | ||
| 653 | _aCHANSON. | ||
| 653 | _aESPAGNE. | ||
| 653 | _aإسبانيا. | ||
| 700 | 1 |
_aأجبيلو، عبد الله، _d1953- _eمترجم. |
|
| 700 | 1 |
_aالعمير، عبد الله إبراهيم، _d1380 هجري- _eمراجع. |
|
| 942 |
_2ddc _cBOOK _n0 |
||
| 949 |
_aSA-JeALM _d250408 _uosman123 _n1 |
||
| 999 |
_c6791 _d6791 |
||